| 000 | 00552 a2200169 4500 | ||
|---|---|---|---|
| 020 | _a8181281780 | ||
| 020 | _a9788181281784 | ||
| 082 | _a512.55 | ||
| 090 |
_c734 _d734 |
||
| 100 | 1 | _aCurtis.Charles W | |
| 245 | 1 | 0 |
_aLinear algebra : _ban introductory approach 4/e / _cCharles W. Curtis |
| 260 |
_a[S.l.] : _bSpringer, _c1984 |
||
| 300 | _a1 v. (unpaged) | ||
| 700 | _aCurtis.Charles W | ||
| 942 |
_aSNS _cBK _k512.55 CUR |
||
| 999 |
_c29362 _d29362 |
||